[Event "II Festival ASDEC A"]
[Site "Messina ITA"]
[Date "2012.08.30"]
[Round "5"]
[White "Vazzana, Antonio"]
[Black "Tricomi, Massimo"]
[WhiteElo "1711"]
[BlackElo "1837"]
[Result "0-1"]
[PlyCount "82"]
[EventDate "2012.08.27"]

1. c4 b6 2. Nc3 Bb7 3. Nf3 e6 4. d4 f5 5. Bf4 Bb4 6. Qb3 Bxc3+ 7. bxc3 Nf6 8.
g3 O-O 9. Bg2 d6 10. O-O Qe7 11. c5 dxc5 12. Ng5 Bxg2 13. Kxg2 Nd5 14. Bc1 Nd7
15. e4 fxe4 16. Nxe4 h6 17. Ba3 Qf7 18. Nd2 Qg6 19. Rae1 Rae8 20. c4 Nf4+ 21.
Kh1 Nd3 22. Re2 e5 23. Ne4 Rf3 24. Qa4 Qf7 25. d5 Rf8 26. Kg2 Nf6 27. Nd2 Ng4
28. Qd1 Rxf2+ 29. Rexf2 Ngxf2 30. Qe2 Qg6 31. Qe3 Qg4 32. Kg1 Nh3+ 33. Kg2 Rxf1
34. Nxf1 Nhf2 35. Bb2 Qxc4 36. Nd2 Qxd5+ 37. Nf3 e4 38. Nh4 Qxa2 39. g4 Qxb2
40. Kg3 Qe5+ 41. Kg2 Nxg4 0-1

[Event "II Festival ASDEC A"]
[Site "Messina ITA"]
[Date "2012.08.30"]
[Round "5"]
[White "Velardi, Giovanni"]
[Black "Pisacane, Pietro"]
[WhiteElo "1826"]
[BlackElo "2036"]
[Result "0-1"]
[PlyCount "96"]
[EventDate "2012.08.27"]

1. d4 c5 2. d5 g6 3. Nc3 Bg7 4. Nf3 d6 5. e4 Nf6 6. Bf4 Nh5 7. Be3 a6 8. a4 Qa5
9. Bd2 Qb4 10. Bd3 O-O 11. Nb5 Qxb2 12. Rb1 Qa2 13. Nc3 Bxc3 14. Bxc3 Qxa4 15.
Qd2 f6 16. Qh6 Qe8 17. g4 Bxg4 18. Nh4 c4 19. Bf1 Bc8 20. Rg1 Ng7 21. Nf3 Qf7
22. h4 Nd7 23. h5 g5 24. Nd4 Ne5 25. Be2 Qe8 26. Ne6 Bxe6 27. dxe6 Nxe6 28.
Bxe5 dxe5 29. Bxc4 Qc8 30. Rxg5+ Kh8 31. Bxe6 Qc3+ 32. Kf1 fxg5 33. Qxg5 Qxc2
34. Qxe5+ Rf6 35. Rb2 Qd1+ 36. Kg2 Qf3+ 37. Kg1 Rd8 38. Bb3 e6 39. Kf1 Rg8 40.
Rd2 Qg2+ 41. Ke2 Qf3+ 42. Kf1 Qg2+ 43. Ke2 Qxf2+ 44. Kd1 Qf1+ 45. Kc2 Rc8+ 46.
Kb2 Qc1+ 47. Ka2 Qxd2+ 48. Ka3 Qc3 0-1

[Event "II Festival ASDEC A"]
[Site "Messina ITA"]
[Date "2012.08.31"]
[Round "6"]
[White "Arcidiaco, Francesco"]
[Black "Ferrigno, Vincenzo"]
[WhiteElo "1652"]
[BlackElo "1827"]
[Result "1-0"]
[PlyCount "113"]
[EventDate "2012.08.27"]

1. c4 Nf6 2. Nc3 b6 3. d4 e6 4. Nf3 Bb4 5. a3 Bxc3+ 6. bxc3 Bb7 7. Bf4 Nc6 8.
e3 Ne4 9. Be2 g5 10. Qd3 Na5 11. Bg3 h5 12. h3 d6 13. d5 Nc5 14. Qd1 e5 15. Nd2
h4 16. Bh2 e4 17. Rb1 Qf6 18. Qc2 O-O-O 19. Nxe4 Nxe4 20. Qxe4 Qxc3+ 21. Kd1
Kb8 22. Qd3 Qg7 23. Kd2 Ba6 24. Qc3 Qh6 25. Qxa5 Bb7 26. Qc3 f5 27. f4 Rde8 28.
fxg5 Qxg5 29. Bf3 Rh7 30. Bf4 Qg6 31. a4 Qg8 32. a5 Rg7 33. Rhg1 Ba6 34. axb6
axb6 35. Rb2 Kc8 36. Ra2 Bb7 37. Qf6 Kb8 38. Qxf5 Bc8 39. Qc2 Bxh3 40. Qa4 Kc8
41. Qa8+ Kd7 42. Qc6+ Kd8 43. Ra8+ Bc8 44. Bxd6 Rd7 45. Bf4 Ke7 46. Qh6 Kd8 47.
Qxh4+ Ree7 48. Bg5 Qg7 49. Bxe7+ Rxe7 50. Qd4 Qf8 51. Rh1 Rg7 52. Qh4+ Kd7 53.
Bg4+ Kd6 54. Rxc8 Qf7 55. Bf3 Qf5 56. Qd8+ Rd7 57. Qf8+ 1-0

[Event "II Festival ASDEC A"]
[Site "Messina ITA"]
[Date "2012.08.31"]
[Round "6"]
[White "Arico', Maurizio"]
[Black "Grasso, Gaetano"]
[WhiteElo "1843"]
[BlackElo "2032"]
[Result "0-1"]
[PlyCount "62"]
[EventDate "2012.08.27"]

1. e4 c5 2. c3 b6 3. d4 Bb7 4. Bd3 Nf6 5. Qe2 cxd4 6. cxd4 Nc6 7. Nf3 Nb4 8.
Nc3 e6 9. Bg5 Be7 10. O-O Nxd3 11. Qxd3 O-O 12. Rfe1 h6 13. Bh4 d6 14. Rad1 Rc8
15. Qe2 Nxe4 16. Nxe4 Bxh4 17. Nxh4 d5 18. Nc3 Qxh4 19. Qe5 Rc6 20. Rd3 f6 21.
Qe3 Ba6 22. Rd2 g5 23. Qf3 Qf4 24. Qxf4 gxf4 25. h4 Kf7 26. Kh2 Re8 27. Kh3 Bc4
28. Kg4 e5 29. dxe5 fxe5 30. b3 h5+ 31. Kxh5 Rg6 0-1

[Event "II Festival ASDEC A"]
[Site "Messina ITA"]
[Date "2012.08.31"]
[Round "6"]
[White "Arito, Luigi"]
[Black "Carbone, Edoardo"]
[WhiteElo "1921"]
[BlackElo "1824"]
[Result "1/2-1/2"]
[PlyCount "96"]
[EventDate "2012.08.27"]

1. d4 Nf6 2. c4 e6 3. a3 b6 4. Nc3 d5 5. cxd5 exd5 6. Nf3 Bb7 7. Bg5 Be7 8. Rc1
O-O 9. e3 Nbd7 10. Be2 c5 11. O-O Ne4 12. Bxe7 Qxe7 13. Qb3 Nxc3 14. Rxc3 c4
15. Qa2 b5 16. Qb1 a5 17. Nd2 f5 18. Bf3 Nb6 19. Kh1 b4 20. axb4 axb4 21. Rcc1
b3 22. g4 g6 23. gxf5 gxf5 24. Rg1+ Kh8 25. Rg3 Ra2 26. Rcg1 Qf6 27. Qc1 Bc6
28. Nb1 f4 29. exf4 Qxd4 30. Nc3 Raa8 31. Ne2 Qf6 32. Qe3 d4 33. Nxd4 Bxf3+ 34.
Nxf3 Nd5 35. Qc5 Nxf4 36. Qxc4 Rac8 37. Qe4 Ra8 38. Qb7 Ne2 39. Qxb3 Nxg1 40.
Kxg1 Rab8 41. Qd3 Rxb2 42. Kg2 Rb7 43. Qe4 Rg7 44. Qd5 Qf5 45. Qc6 Rc8 46. Qd6
Rf8 47. Qc6 Rc8 48. Qd6 Rf8 1/2-1/2

[Event "II Festival ASDEC A"]
[Site "Messina ITA"]
[Date "2012.08.31"]
[Round "6"]
[White "Buda, Elvin"]
[Black "Gelardi, Davide"]
[WhiteElo "1842"]
[BlackElo "1755"]
[Result "0-1"]
[PlyCount "110"]
[EventDate "2012.08.27"]

1. Nf3 d5 2. d4 c5 3. e3 e6 4. c3 Nf6 5. Bd3 Nc6 6. Nbd2 cxd4 7. exd4 Bd6 8.
O-O O-O 9. Re1 Qc7 10. Nf1 h6 11. Bd2 e5 12. dxe5 Nxe5 13. Nxe5 Bxe5 14. Qe2
Re8 15. Bf4 Bg4 16. Bxe5 Bxe2 17. Bxc7 Bxd3 18. Rxe8+ Rxe8 19. Rd1 Bb5 20. Ne3
Bc6 21. h3 Kh7 22. Nf5 Re2 23. Rd3 Ne4 24. f3 Nc5 25. Re3 Rxb2 26. Re7 Kg6 27.
Nh4+ Kf6 28. Bd8 Ne6 29. Rxb7+ Nxd8 30. Rxb2 g5 31. Rb8 Ne6 32. Rh8 Kg7 33. Rc8
Bd7 34. Nf5+ Kf6 35. Nd6 Bxc8 36. Nxc8 a6 37. Nd6 Nc5 38. g4 Na4 39. c4 dxc4
40. Nxc4 Nc3 41. a3 Ne2+ 42. Kf2 Nf4 43. Ke3 Nxh3 44. Kd4 Ng1 45. Nd2 Ke6 46.
Kc5 Ke5 47. Kb6 Kf4 48. Kxa6 Nxf3 49. Nxf3 Kxf3 50. Kb5 Kxg4 51. a4 f5 52. Kc4
f4 53. a5 f3 54. Kd3 Kg3 55. Ke3 f2 0-1

[Event "II Festival ASDEC A"]
[Site "Messina ITA"]
[Date "2012.08.31"]
[Round "6"]
[White "Cappadona, Salvatore"]
[Black "Cannella, Carlo"]
[WhiteElo "2081"]
[BlackElo "1950"]
[Result "1-0"]
[PlyCount "55"]
[EventDate "2012.08.27"]

1. e4 c6 2. d4 d5 3. e5 Bf5 4. Nf3 e6 5. Be2 Nd7 6. O-O c5 7. c4 Ne7 8. Na3
dxc4 9. Nxc4 Nc6 10. Bg5 Qb8 11. d5 Ncxe5 12. Nfxe5 Nxe5 13. Nxe5 f6 14. Bb5+
Ke7 15. dxe6 Bxe6 16. Nd7 Qc7 17. Nxf8 Rhxf8 18. Bh4 Kf7 19. Qe2 a6 20. Rfe1
Bd5 21. Bc4 Bxc4 22. Qxc4+ Kg6 23. Bg3 Qc6 24. Re7 h5 25. Rc7 Qb6 26. Qe4+ f5
27. Qe7 Qxb2 28. Be5 1-0

[Event "II Festival ASDEC A"]
[Site "Messina ITA"]
[Date "2012.08.31"]
[Round "6"]
[White "Carbone, Stefano"]
[Black "Seletsky, Grigory"]
[WhiteElo "2002"]
[BlackElo "2348"]
[Result "0-1"]
[PlyCount "92"]
[EventDate "2012.08.27"]

1. Nf3 d5 2. d4 Bf5 3. g3 e6 4. Bg2 h6 5. O-O Nf6 6. c4 c6 7. Nc3 Nbd7 8. Nd2
Be7 9. e4 dxe4 10. Ndxe4 Nxe4 11. Nxe4 O-O 12. Qe2 Nf6 13. Rd1 Re8 14. b3 Nxe4
15. Bxe4 Bxe4 16. Qxe4 Bf6 17. Bf4 Qe7 18. Be5 Rad8 19. Qe2 Rd7 20. Rd3 Bxe5
21. Qxe5 Red8 22. Rad1 Qa3 23. Qe2 a5 24. Qc2 b5 25. R1d2 a4 26. cxb5 cxb5 27.
bxa4 Qxa4 28. Qxa4 bxa4 29. f4 Rd5 30. Kf2 Rc8 31. Ke3 Rc4 32. h4 g5 33. hxg5
hxg5 34. Rb2 Kg7 35. Ke4 g4 36. Rd1 Kg6 37. Ke3 Rh5 38. Kd3 Rxd4+ 39. Kxd4 Rd5+
40. Kc4 Rxd1 41. Re2 Rf1 42. Re5 f6 43. Re3 Rf3 44. Rxe6 Rxg3 45. Kd4 Kf5 46.
Rd6 Ra3 0-1

[Event "II Festival ASDEC A"]
[Site "Messina ITA"]
[Date "2012.08.31"]
[Round "6"]
[White "Colnaghi, Davide"]
[Black "Gangemi, Domenico"]
[WhiteElo "1690"]
[BlackElo "1500"]
[Result "1-0"]
[PlyCount "47"]
[EventDate "2012.08.27"]

1. e4 e5 2. f4 d6 3. Nf3 Bg4 4. Bc4 Nc6 5. O-O Nf6 6. d4 Nxd4 7. fxe5 dxe5 8.
Bxf7+ Kxf7 9. Nxe5+ Kg8 10. Nxg4 Nf3+ 11. Qxf3 Qd4+ 12. Kh1 Be7 13. e5 Qxg4 14.
Qb3+ Kf8 15. Nc3 Ke8 16. exf6 gxf6 17. Bh6 Rg8 18. Qxb7 Rd8 19. Rae1 Kf7 20.
Qc6 Rd6 21. Rxe7+ Kxe7 22. Nd5+ Kd8 23. Qxc7+ Ke8 24. Qe7# 1-0

[Event "II Festival ASDEC A"]
[Site "Messina ITA"]
[Date "2012.08.31"]
[Round "6"]
[White "Cusmano, Antonello"]
[Black "Spina, Simonpietro"]
[WhiteElo "1550"]
[BlackElo "1730"]
[Result "0-1"]
[PlyCount "96"]
[EventDate "2012.08.27"]

1. d4 Nf6 2. Bf4 d6 3. e3 g6 4. Bd3 Bg7 5. c3 Nbd7 6. Nf3 c5 7. Qc2 a6 8. Nbd2
b5 9. a3 Bb7 10. Ne4 c4 11. Nxf6+ Nxf6 12. Be2 Be4 13. Qd1 Nd5 14. Bg3 Nb6 15.
Ng5 Bxg2 16. Rg1 Bb7 17. Bf3 Qd7 18. d5 Qf5 19. Ne4 Bxd5 20. Nxd6+ exd6 21. Bg4
Qd3 22. Qxd3 cxd3 23. O-O-O f5 24. Bh3 Be5 25. Rxd3 Be4 26. Bxe5 dxe5 27. Rd6
Nc4 28. Rdd1 Ke7 29. Bg2 Bxg2 30. Rxg2 Rhd8 31. Rgg1 Rxd1+ 32. Rxd1 Rd8 33.
Rxd8 Kxd8 34. b3 Nxa3 35. Kb2 b4 36. c4 e4 37. Kc1 Kd7 38. Kd2 Kc6 39. Ke2 Kc5
40. f3 Nxc4 41. bxc4 Kxc4 42. fxe4 fxe4 43. Kd2 a5 44. Kc2 a4 45. Kd2 g5 46.
Ke2 h5 47. Kd2 g4 48. Ke2 h4 0-1

[Event "II Festival ASDEC A"]
[Site "Messina ITA"]
[Date "2012.08.31"]
[Round "6"]
[White "Fenocchio, Renato"]
[Black "Sileci, Salvatore"]
[WhiteElo "1587"]
[BlackElo "1751"]
[Result "0-1"]
[PlyCount "96"]
[EventDate "2012.08.27"]

1. d4 d5 2. Nf3 Nf6 3. e3 Nbd7 4. Bd3 g6 5. Nbd2 Bg7 6. O-O O-O 7. e4 dxe4 8.
Nxe4 Re8 9. Re1 Nxe4 10. Bxe4 e5 11. Bg5 Bf6 12. Bxf6 Qxf6 13. Bd3 b6 14. Be4
Rb8 15. Bc6 Qxc6 16. dxe5 Bb7 17. Nh4 Rxe5 18. c3 Rxe1+ 19. Qxe1 Qe4 20. Qxe4
Bxe4 21. f3 Bc6 22. Re1 Kf8 23. Kf2 Re8 24. Rd1 Nf6 25. g3 Bb5 26. Rd2 Re7 27.
b3 Rd7 28. Rxd7 Bxd7 29. c4 g5 30. Ng2 Bf5 31. Ne3 Bb1 32. a3 Ke7 33. Ke2 a5
34. Kd2 h5 35. Kc1 Bg6 36. h3 Kd6 37. Kd2 Nd7 38. g4 hxg4 39. hxg4 Ne5 40. Ke2
Nd3 41. Kd2 c6 42. Nd1 Ne5 43. Ke2 Bc2 44. b4 Bxd1+ 45. Kxd1 Nxc4 46. bxa5 bxa5
47. Kc2 Nxa3+ 48. Kb3 Nb5 0-1

[Event "II Festival ASDEC A"]
[Site "Messina ITA"]
[Date "2012.08.31"]
[Round "6"]
[White "Gromovs, Sergejs"]
[Black "Gangemi, Salvatore"]
[WhiteElo "2206"]
[BlackElo "2048"]
[Result "1/2-1/2"]
[PlyCount "48"]
[EventDate "2012.08.27"]

1. d4 d5 2. c4 e6 3. Nc3 Nf6 4. Nf3 c5 5. cxd5 exd5 6. g3 h6 7. Bg2 Bd6 8. O-O
O-O 9. h3 a6 10. Be3 Re8 11. dxc5 Bxg3 12. Bxh6 Bxf2+ 13. Rxf2 gxh6 14. Qd2 Ne4
15. Qxh6 Re6 16. Qh5 Nxf2 17. Kxf2 Qf8 18. Qxd5 Nc6 19. Ne4 Qe7 20. Ng3 Rg6 21.
Re1 Be6 22. Qh5 Kg7 23. e4 Qf6 24. e5 24... Qf4 {...} 1/2-1/2

[Event "II Festival ASDEC A"]
[Site "Messina ITA"]
[Date "2012.08.31"]
[Round "6"]
[White "Iannello, Andrea"]
[Black "Buzzanca, Francesco"]
[WhiteElo "1776"]
[BlackElo "1687"]
[Result "1-0"]
[PlyCount "65"]
[EventDate "2012.08.27"]

1. e4 c5 2. d4 cxd4 3. Nf3 d6 4. Nxd4 Nf6 5. Nc3 g6 6. Be3 Bg7 7. f3 O-O 8. Qd2
Nc6 9. Bc4 Bd7 10. O-O-O Ne5 11. Bb3 Rc8 12. h4 Nc4 13. Bxc4 Rxc4 14. h5 Nxh5
15. g4 Nf4 16. Qh2 h5 17. Nb3 e5 18. Rxd6 Qc7 19. Qd2 Be6 20. gxh5 Rxc3 21.
bxc3 Ne2+ 22. Qxe2 Qxd6 23. h6 Bf6 24. Bc5 Qc6 25. Bxf8 Qxc3 26. h7+ Kh8 27.
Qd2 Qxf3 28. Qh6 Bg5+ 29. Qxg5 Qxh1+ 30. Kb2 Qxh7 31. Bh6 f5 32. Qf6+ Kg8 33.
Qf8# 1-0

[Event "II Festival ASDEC A"]
[Site "Messina ITA"]
[Date "2012.08.31"]
[Round "6"]
[White "Iannello, Antonio"]
[Black "Trimarchi, Giuseppe"]
[WhiteElo "1741"]
[BlackElo "1853"]
[Result "1/2-1/2"]
[PlyCount "91"]
[EventDate "2012.08.27"]

1. e4 e5 2. Nf3 Nc6 3. Bb5 Nf6 4. O-O Be7 5. Re1 a6 6. Ba4 b5 7. Bb3 d6 8. c3
Bg4 9. d3 Na5 10. Bc2 c5 11. Nbd2 Qc7 12. Nf1 O-O 13. h3 Bh5 14. Ng3 Bg6 15.
Nh4 d5 16. Nhf5 dxe4 17. dxe4 Rfd8 18. Qf3 Nc4 19. b3 Nd6 20. Nxe7+ Qxe7 21.
Bg5 Nde8 22. Rad1 h6 23. Be3 Qc7 24. Rxd8 Rxd8 25. Rd1 c4 26. b4 Rd7 27. Qe2
Qd8 28. f3 Nc7 29. Bb6 Rxd1+ 30. Qxd1 Qxd1+ 31. Bxd1 Ne6 32. Ne2 Nd7 33. Be3 f5
34. Bc2 fxe4 35. fxe4 Nf6 36. Ng3 h5 37. Nf5 Kf7 38. Kf1 Bh7 39. Ke2 g6 40. Ng3
Nf4+ 41. Kf3 h4 42. Nh1 g5 43. Nf2 Bg6 44. a4 Bh5+ 45. Ng4 Ke6 46. a5 1/2-1/2

[Event "II Festival ASDEC A"]
[Site "Messina ITA"]
[Date "2012.08.31"]
[Round "6"]
[White "La Piana, Antonino"]
[Black "Favaloro, Andrea"]
[WhiteElo "1700"]
[BlackElo "1760"]
[Result "0-1"]
[PlyCount "54"]
[EventDate "2012.08.27"]

1. e4 c5 2. Nf3 d6 3. d4 cxd4 4. Nxd4 Nf6 5. Nc3 g6 6. Bc4 Bg7 7. O-O Nc6 8.
Nf3 Bg4 9. h3 Bxf3 10. Qxf3 Ne5 11. Qe2 Nxc4 12. Qxc4 O-O 13. Be3 a6 14. Rad1
b5 15. Qb4 Qc7 16. f3 Rab8 17. Qb3 Rfc8 18. Rf2 Qb7 19. Rfd2 Rc4 20. Nd5 Nxd5
21. Rxd5 Rbc8 22. c3 Bxc3 23. a4 Bb4 24. axb5 axb5 25. e5 dxe5 26. Rd7 Qc6 27.
Bh6 Bd6 0-1

[Event "II Festival ASDEC A"]
[Site "Messina ITA"]
[Date "2012.08.31"]
[Round "6"]
[White "Marzaduri, Marco R."]
[Black "Altomonte, Giuseppe"]
[WhiteElo "1845"]
[BlackElo "1860"]
[Result "1-0"]
[PlyCount "139"]
[EventDate "2012.08.27"]

1. e4 c5 2. d4 cxd4 3. Nf3 e6 4. Nxd4 Nc6 5. Nc3 a6 6. Be2 Bb4 7. Nxc6 bxc6 8.
Qd4 Bxc3+ 9. bxc3 Qf6 10. e5 Qd8 11. O-O Ne7 12. Bg5 Nf5 13. Qg4 h5 14. Qxf5
exf5 15. Bxd8 Kxd8 16. Rab1 Re8 17. f4 g6 18. Bc4 Ke7 19. Rfd1 a5 20. Rb6 a4
21. Kf2 Ra5 22. Kg3 Rc5 23. Rd4 f6 24. exf6+ Kxf6 25. Bd3 d5 26. Rxa4 Rxc3 27.
Ra8 Bd7 28. Rxe8 Bxe8 29. a4 Ra3 30. Ra6 g5 31. a5 gxf4+ 32. Kxf4 Ra4+ 33. Ke3
Ke5 34. Ra8 f4+ 35. Kd2 Bd7 36. a6 c5 37. Rh8 c4 38. Rxh5+ Kd4 39. c3+ Kc5 40.
Be4 Bc6 41. Bf3 Rxa6 42. Rf5 Ra2+ 43. Kc1 Kd6 44. h4 Ke6 45. Rxf4 Ba4 46. Rd4
Bc6 47. h5 Ra8 48. g4 Rf8 49. Bg2 Rf2 50. Rd2 Rf4 51. g5 Rh4 52. Bf3 d4 53.
Bxc6 Rxh5 54. Rxd4 Rxg5 55. Rxc4 Kd6 56. Kc2 Rg1 57. Be4 Re1 58. Rd4+ Kc5 59.
Kb3 Re3 60. Bf5 Rf3 61. Bd7 Re3 62. Rc4+ Kd5 63. Rc8 Kd6 64. Bb5 Rg3 65. Kb4
Rg1 66. c4 Rb1+ 67. Ka5 Rc1 68. Kb6 Rc2 69. c5+ Ke7 70. c6 1-0

[Event "II Festival ASDEC A"]
[Site "Messina ITA"]
[Date "2012.08.31"]
[Round "6"]
[White "Marzaduri, Riccardo"]
[Black "Bonanzinga, Corrado"]
[WhiteElo "1826"]
[BlackElo "2091"]
[Result "0-1"]
[PlyCount "144"]
[EventDate "2012.08.27"]

1. e4 e5 2. d4 exd4 3. Nf3 Nc6 4. c3 dxc3 5. Nxc3 Nf6 6. Bc4 Bb4 7. O-O Bxc3 8.
bxc3 d6 9. e5 dxe5 10. Qb3 O-O 11. Ba3 Na5 12. Qa4 Nxc4 13. Qxc4 Be6 14. Qb5
Re8 15. Rfd1 Qc8 16. Nxe5 c6 17. Qb2 Bd5 18. c4 Be4 19. f3 Bf5 20. Rd6 c5 21.
g4 Nd7 22. Nxf7 Kxf7 23. gxf5 Ne5 24. f4 Nf3+ 25. Kf2 Nd4 26. Re1 Qxf5 27.
Qxb7+ Kg8 28. Rxe8+ Rxe8 29. Qd5+ Qxd5 30. Rxd5 Re2+ 31. Kf1 Rxh2 32. Bxc5 Ne6
33. Bxa7 Nxf4 34. Ra5 Rc2 35. c5 Nd3 36. Bb6 h5 37. Bd8 Nxc5 38. Be7 Ne4 39. a4
Ra2 40. Kg1 g6 41. Bh4 Nd2 42. Bf2 h4 43. Ra8+ Kf7 44. Ra7+ Ke6 45. a5 h3 46.
Kh2 Ne4 47. Kxh3 Nxf2+ 48. Kg3 Ne4+ 49. Kf4 Nc5 50. Kg5 Rg2+ 51. Kf4 g5+ 52.
Kf3 Ra2 53. Kg4 Kf6 54. Ra8 Ra4+ 55. Kf3 Kf5 56. Rf8+ Ke5 57. Rg8 Ne6 58. Ra8
Kf5 59. Ra6 Ra3+ 60. Kg2 Nc5 61. Ra8 Kg4 62. Kf2 Nb7 63. a6 Nc5 64. a7 Ne6 65.
Re8 Nc7 66. Re4+ Kf5 67. Rc4 Rxa7 68. Rc5+ Kg4 69. Rc4+ Kh5 70. Rc1 Ne6 71.
Rh1+ Kg4 72. Rg1+ Kf4 0-1

[Event "II Festival ASDEC A"]
[Site "Messina ITA"]
[Date "2012.08.31"]
[Round "6"]
[White "Pisacane, Pietro"]
[Black "Quattrone, Andrea"]
[WhiteElo "2036"]
[BlackElo "1820"]
[Result "0-1"]
[PlyCount "132"]
[EventDate "2012.08.27"]

1. Nf3 Nf6 2. b3 c5 3. Bb2 Nc6 4. g3 d5 5. Bg2 e6 6. O-O Bd6 7. d4 b6 8. dxc5
bxc5 9. c4 O-O 10. Na3 Be7 11. Nd2 Bb7 12. cxd5 exd5 13. Rc1 Na5 14. Re1 Rc8
15. e4 d4 16. Ndc4 Nc6 17. e5 Nd5 18. Nd6 Bxd6 19. Bxd5 Be7 20. Qf3 Ba8 21. Qg2
Nb4 22. Bxa8 Rxa8 23. Qe4 Nxa2 24. Ra1 Nb4 25. Nc4 Qd5 26. Qxd5 Nxd5 27. Ra5
Nb4 28. Rea1 Nd3 29. Rxa7 Rxa7 30. Rxa7 Re8 31. Ba3 Bf8 32. Rc7 Rb8 33. Nd2 Rb5
34. f4 g5 35. Ne4 Ra5 36. Bxc5 Nxc5 37. Nxg5 d3 38. Nf3 Ra1+ 39. Kf2 Nxb3 40.
Rd7 Bc5+ 41. Kg2 d2 42. Rd8+ Kg7 43. Nxd2 Ra2 44. Kh3 Rxd2 45. Rxd2 Nxd2 46.
Kg4 Nf1 47. Kh3 Bg1 48. f5 Bd4 49. e6 fxe6 50. fxe6 Kf6 51. e7 Kxe7 52. Kg2 Nd2
53. Kh1 Kf6 54. Kg2 Kf5 55. Kh1 Kg4 56. Kg2 Bb6 57. Kh1 Kf3 58. g4 Kxg4 59. Kg2
Ne4 60. Kh1 Nf2+ 61. Kg2 Kh4 62. h3 Nxh3 63. Kh1 Nf2+ 64. Kg2 Kg4 65. Kh2 Kf3
66. Kg1 Kg3 0-1

[Event "II Festival ASDEC A"]
[Site "Messina ITA"]
[Date "2012.08.31"]
[Round "6"]
[White "Rota, Giacomo"]
[Black "Russo, Alfio"]
[WhiteElo "1983"]
[BlackElo "1905"]
[Result "1-0"]
[PlyCount "23"]
[EventDate "2012.08.27"]

1. d4 g6 2. e4 Bg7 3. Nf3 d6 4. Bc4 Nf6 5. Nbd2 O-O 6. O-O c6 7. a4 e5 8. dxe5
dxe5 9. Nxe5 Nxe4 10. Nxf7 Rxf7 11. Nxe4 Qh4 12. Bxf7+ 1-0

[Event "II Festival ASDEC A"]
[Site "Messina ITA"]
[Date "2012.08.31"]
[Round "6"]
[White "Tricomi, Massimo"]
[Black "Alfarone, Giovanni"]
[WhiteElo "1837"]
[BlackElo "1992"]
[Result "0-1"]
[PlyCount "58"]
[EventDate "2012.08.27"]

1. b3 Nf6 2. Bb2 c5 3. e3 d5 4. Nf3 Bg4 5. Be2 e6 6. O-O Nc6 7. d4 cxd4 8. Nxd4
Bxe2 9. Qxe2 Be7 10. Nd2 O-O 11. c4 Rc8 12. Rfd1 Nxd4 13. Bxd4 Bc5 14. Bb2 Qe7
15. a3 a5 16. cxd5 Nxd5 17. Nc4 b6 18. e4 Nf4 19. Qg4 Ng6 20. g3 f5 21. exf5
exf5 22. Qh5 b5 23. Nd2 Qb7 24. Nf3 f4 25. Ng5 Bxf2+ 26. Kf1 Qh1+ 27. Ke2 Rfe8+
28. Kd2 Red8+ 29. Ke2 Rc2+ 0-1

[Event "II Festival ASDEC A"]
[Site "Messina ITA"]
[Date "2012.08.31"]
[Round "6"]
[White "Zimmer, Hans-Werner"]
[Black "Velardi, Giovanni"]
[WhiteElo "1994"]
[BlackElo "1826"]
[Result "1-0"]
[PlyCount "53"]
[EventDate "2012.08.27"]

1. e4 c5 2. d4 cxd4 3. c3 dxc3 4. Nxc3 e6 5. Bc4 Nc6 6. Nf3 a6 7. O-O b5 8. Bb3
Nge7 9. Bg5 h6 10. Be3 Bb7 11. Qe2 Na5 12. Rad1 Nxb3 13. axb3 Nc6 14. Rd2 Qc7
15. Rfd1 Rd8 16. Nd5 exd5 17. exd5 Ne5 18. Bb6 Qxb6 19. Qxe5+ Be7 20. d6 O-O
21. dxe7 Rfe8 22. Rd6 Bc6 23. exd8=Q Qxd8 24. Qg3 Qa5 25. h3 Re2 26. Rxh6 Qb6
27. Nd4 1-0

[Event "II Festival ASDEC A"]
[Site "Messina ITA"]
[Date "2012.08.31"]
[Round "7"]
[White "Alfarone, Giovanni"]
[Black "Marzaduri, Marco R."]
[WhiteElo "1992"]
[BlackElo "1845"]
[Result "1-0"]
[PlyCount "91"]
[EventDate "2012.08.27"]

1. Nf3 c5 2. c4 Nc6 3. g3 Nf6 4. Bg2 e6 5. O-O d5 6. cxd5 exd5 7. d4 Be7 8.
dxc5 Bxc5 9. Bg5 Be6 10. Nc3 O-O 11. Bxf6 Qxf6 12. Nxd5 Qxb2 13. Nf4 Bxa2 14.
Nd3 Bxf2+ 15. Rxf2 Qb3 16. Qxb3 Bxb3 17. Rb1 Na5 18. Nc5 Bd5 19. e4 Bc6 20. Ne5
b6 21. Nxc6 Nxc6 22. Nd3 Rfd8 23. Nf4 Ne5 24. Rc2 Rac8 25. Ra2 a5 26. Nd5 Rb8
27. h3 Nc4 28. Ne7+ Kf8 29. Nc6 b5 30. Nxd8 Rxd8 31. Rxb5 Ke7 32. Rc5 Ne3 33.
Rcxa5 Rd1+ 34. Kf2 Nxg2 35. Kxg2 Re1 36. Kf3 g6 37. Ra6 h5 38. Rb2 Rf1+ 39. Kg2
Re1 40. Rb7+ Kf8 41. Rf6 Rxe4 42. Rfxf7+ Ke8 43. Rh7 Re2+ 44. Kf1 Re7 45.
Rbxe7+ Kd8 46. Reg7 1-0

[Event "II Festival ASDEC A"]
[Site "Messina ITA"]
[Date "2012.08.31"]
[Round "7"]
[White "Altomonte, Giuseppe"]
[Black "Arito, Luigi"]
[WhiteElo "1860"]
[BlackElo "1921"]
[Result "1-0"]
[PlyCount "49"]
[EventDate "2012.08.27"]

1. d4 Nf6 2. c4 c5 3. e3 cxd4 4. exd4 d5 5. Nc3 e6 6. Bf4 Be7 7. Nf3 O-O 8. Bd3
a6 9. O-O dxc4 10. Bxc4 b5 11. Bb3 Bb7 12. Re1 Bb4 13. Be5 Nd5 14. Qd3 Nd7 15.
Bc2 g6 16. Qd2 Nxe5 17. Rxe5 Bxc3 18. bxc3 Qc7 19. Be4 Nf6 20. Bxb7 Qxb7 21.
Qf4 Qe7 22. Rae1 Rfd8 23. Ng5 Rd6 24. Qh4 h5 25. Ne4 1-0

[Event "II Festival ASDEC A"]
[Site "Messina ITA"]
[Date "2012.08.31"]
[Round "7"]
[White "Bonanzinga, Corrado"]
[Black "Gangemi, Salvatore"]
[WhiteElo "2091"]
[BlackElo "2048"]
[Result "0-1"]
[PlyCount "72"]
[EventDate "2012.08.27"]

1. d4 d5 2. c4 e6 3. Nc3 Nf6 4. Bg5 c6 5. e3 Nbd7 6. Nf3 Qa5 7. cxd5 exd5 8.
Bd3 Ne4 9. O-O Ndf6 10. Bxf6 Nxf6 11. e4 dxe4 12. Nxe4 Nxe4 13. Bxe4 Be6 14.
Qc2 O-O-O 15. a3 Kb8 16. b4 Qh5 17. b5 cxb5 18. d5 Bxd5 19. Rfd1 Be7 20. Rac1
Rc8 21. Qxc8+ Rxc8 22. Rxc8+ Kxc8 23. Rxd5 Qh6 24. Bf5+ Kc7 25. Rd7+ Kb6 26.
Rxe7 Qc1+ 27. Re1 Qxa3 28. Ne5 g6 29. Rb1 Qc3 30. Nd7+ Kc7 31. Bh3 f5 32. Nf8
b4 33. g3 b3 34. Ne6+ Kd6 35. Nf4 Qc2 36. Re1 b2 0-1

[Event "II Festival ASDEC A"]
[Site "Messina ITA"]
[Date "2012.08.31"]
[Round "7"]
[White "Buzzanca, Francesco"]
[Black "Cusmano, Antonello"]
[WhiteElo "1687"]
[BlackElo "1550"]
[Result "1-0"]
[PlyCount "121"]
[EventDate "2012.08.27"]

1. d4 Nf6 2. c4 e6 3. Nc3 d5 4. Bg5 Be7 5. Nf3 c6 6. e3 Qa5 7. Qa4 Bb4 8. Qxa5
Bxa5 9. Bxf6 gxf6 10. cxd5 cxd5 11. Bd3 Nc6 12. a3 a6 13. O-O b5 14. b4 Bc7 15.
Rfc1 Ne7 16. Nxb5 Bxh2+ 17. Kxh2 axb5 18. Bxb5+ Bd7 19. Bxd7+ Kxd7 20. b5 Rhb8
21. a4 Nc8 22. Nd2 Nb6 23. a5 Nc4 24. Nxc4 dxc4 25. b6 c3 26. Rxc3 Rxb6 27.
axb6 Rxa1 28. Rc7+ Kd8 29. Rxf7 Rb1 30. b7 h5 31. Rxf6 Rxb7 32. Rf8+ Ke7 33.
Rh8 Rb2 34. Kg3 Rb5 35. f4 Rb3 36. Kf3 Rb5 37. g3 Kf6 38. Rh6+ Kf7 39. Rh7+ Kf6
40. Rc7 Rb1 41. Rc6 Rb5 42. Rc5 Rxc5 43. dxc5 Ke7 44. Ke4 Kd7 45. Ke5 Kc6 46.
Kxe6 Kxc5 47. Kf5 Kd5 48. e4+ Kd6 49. e5+ Ke7 50. Kg5 Ke6 51. Kxh5 Kf5 52. Kh4
Ke6 53. Kg5 Kf7 54. Kf5 Ke7 55. g4 Kf7 56. e6+ Ke7 57. Ke5 Ke8 58. f5 Ke7 59.
f6+ Ke8 60. Kd6 Kd8 61. f7 1-0

[Event "II Festival ASDEC A"]
[Site "Messina ITA"]
[Date "2012.08.31"]
[Round "7"]
[White "Cannella, Carlo"]
[Black "Iannello, Andrea"]
[WhiteElo "1950"]
[BlackElo "1776"]
[Result "1-0"]
[PlyCount "133"]
[EventDate "2012.08.27"]

1. e4 c5 2. Nf3 d6 3. Bb5+ Bd7 4. Bxd7+ Qxd7 5. c4 Nf6 6. Nc3 Nc6 7. d4 cxd4 8.
Nxd4 g6 9. f3 Bg7 10. Be3 Rc8 11. b3 a6 12. Rc1 O-O 13. O-O Qc7 14. Qd2 Rfd8
15. Nd5 Qd7 16. Nb6 Qc7 17. Nxc8 Rxc8 18. Rfd1 Nd7 19. Ne2 b6 20. Nc3 Rb8 21.
Nd5 Qd8 22. Qf2 Nce5 23. Bg5 f6 24. Be3 Nc5 25. Rc2 g5 26. Qe2 Ng6 27. b4 Ne6
28. g3 h5 29. f4 gxf4 30. gxf4 Bh6 31. Qxh5 Kg7 32. Rg2 Qe8 33. f5 Bxe3+ 34.
Nxe3 Nef4 35. Rxg6+ Nxg6 36. fxg6 Qxg6+ 37. Qxg6+ Kxg6 38. Nd5 Kf7 39. Kf2 Rc8
40. Rc1 Rc6 41. Rc3 e6 42. b5 Rc8 43. Nxb6 Rb8 44. Na4 axb5 45. Rb3 Ra8 46.
cxb5 Rxa4 47. a3 Rxe4 48. b6 Rf4+ 49. Kg2 e5 50. b7 f5 51. b8=Q Rg4+ 52. Kh3
Ke7 53. Rb6 Re4 54. Rb7+ Kf6 55. Qf8+ Kg5 56. Qg7+ Kf4 57. Rb4 Rxb4 58. axb4 d5
59. Qg3+ Ke4 60. Qe1+ Kd4 61. b5 e4 62. b6 e3 63. b7 Ke4 64. b8=Q f4 65. Qe2 d4
66. Qe8+ Kd5 67. Q2b5+ 1-0